000 00832nam a2200301Ia 4500
001 9069
003 IT-RoPAU
008 130308s9999 xx 000 0 und d
040 _aIT-RoPAU
040 _cIT-RoPAU
041 _aITALIANO
100 _aSearle John R.
100 _gCodice Aut. SPICS: 1390
245 _aChe cos'è un atto linguistico ?
245 _bLinguaggio e Societa'
250 _a1a ed.
260 _aBOLOGNA
260 _bIl Mulino
260 _c1975 [1° Ed.:1975 - Ed.Ling.Originale:1965]
300 _a"19 p. (prefazione: no ; testo: 19 [pagine: 89-107])"
500 _aRegole Proposizioni Significato regole per L'Uso dell'Indicatore di Funzione
650 _aSAGGI DI LINGUISTICA
650 _eCodice materia Spics: 3207
942 _cBK
957 _71
999 _c39735
_d39735
999 _bSI
999 _g1